| 000 | 00662ntaaa2200229 4500 | ||
|---|---|---|---|
| 003 | 01 | ||
| 005 | 20251027203108.0 | ||
| 008 | 0714s1973 ag 01 | ||
| 020 | _a9508021039 | ||
| 040 |
_aAR-BaBN _bspa _cAR-BaBN _eaacr _dRIC |
||
| 082 | _a361.0010 K91 | ||
| 100 |
_aKrmpotic, Claudia Sandra _932380 |
||
| 245 | _aEl concepto de necesidad y politicas de bienestar | ||
| 250 | _a1 ed. | ||
| 260 |
_aBuenos Aires : _bEspacio, _c1999 |
||
| 300 |
_a135 p ; _cCuadro comparativo; 20 cm |
||
| 500 | _aContiene referencias bibliograficas y bibliografia | ||
| 650 |
_aHeller, Agnes _932381 |
||
| 650 |
_aSen, Amartya _932382 |
||
| 650 | _aObra social | ||
| 942 | _cBK | ||
| 999 |
_c26354 _d26354 |
||